Southville International School and Colleges
Your cart is empty.
  • Cart
  • Lists
    Public lists Eva Luna New books Lux_list list_1
    Your lists Log in to create your own lists
  • Log in to your account
  • Your cookies
  • Search history
Southville International School and Colleges
  • Advanced search
  • Recent comments
  • Most popular
  • Libraries

Log in to your account

Log in with GOOGLE


If you do not have an external account, but do have a local account, you can still log in:

  1. Home
  2. MARC view: Mosaic 1 grammar /
Normal view MARC view ISBD view

Mosaic 1 grammar / (Record no. 15153)

[ view plain ]
MARC details
000 -LEADER
fixed length control field 01281cam a2200397 a 4500
001 - CONTROL NUMBER
control field 13074112
003 - CONTROL NUMBER IDENTIFIER
control field OSt
005 - DATE AND TIME OF LATEST TRANSACTION
control field 20140310182659.0
008 - FIXED-LENGTH DATA ELEMENTS--GENERAL INFORMATION
fixed length control field 030129s2002 nyua 001 0 eng
010 ## - LIBRARY OF CONGRESS CONTROL NUMBER
LC control number 2003265046
020 ## - INTERNATIONAL STANDARD BOOK NUMBER
International Standard Book Number 0071249575
020 ## - INTERNATIONAL STANDARD BOOK NUMBER
International Standard Book Number 0071180222 (ISE)
040 ## - CATALOGING SOURCE
Original cataloging agency DLC
Transcribing agency DLC
050 00 - LIBRARY OF CONGRESS CALL NUMBER
Classification number PE1128
Item number .W492 2002
082 04 - DEWEY DECIMAL CLASSIFICATION NUMBER
Classification number M 428.24
-- 4th Edition
Item number W49 2002
100 1# - MAIN ENTRY--PERSONAL NAME
Personal name Werner, Patricia K.,
Dates associated with a name 1951-
245 10 - TITLE STATEMENT
Title Mosaic 1 grammar /
Statement of responsibility, etc Werner, Patricia K.
246 3# - VARYING FORM OF TITLE
Title proper/short title Mosaic one
250 ## - EDITION STATEMENT
Edition statement 4th ed.
260 ## - PUBLICATION, DISTRIBUTION, ETC. (IMPRINT)
Place of publication, distribution, etc New York :
Name of publisher, distributor, etc McGraw-Hill,
Date of publication, distribution, etc c2002.
300 ## - PHYSICAL DESCRIPTION
Extent ix, 452 p. :
Other physical details ill. ;
Dimensions 26 cm.
500 ## - GENERAL NOTE
General note Rev. ed. of: Mosaic one. 3rd ed. c1996.
500 ## - GENERAL NOTE
General note Includes index.
521 ## - TARGET AUDIENCE NOTE
Target audience note
526 ## - STUDY PROGRAM INFORMATION NOTE
Reading level 1210L to 1700L
541 ## - IMMEDIATE SOURCE OF ACQUISITION NOTE
-- 1
541 ## - IMMEDIATE SOURCE OF ACQUISITION NOTE
-- 2
562 ## - COPY AND VERSION IDENTIFICATION NOTE
Number of copies for circulation. 2 copies available in the collection
650 #0 - SUBJECT ADDED ENTRY--TOPICAL TERM
Topical term or geographic name as entry element English language
Form subdivision Textbooks for foreign speakers.
650 #0 - SUBJECT ADDED ENTRY--TOPICAL TERM
Topical term or geographic name as entry element English language
General subdivision Grammar
Form subdivision Problems, exercises, etc.
700 1# - ADDED ENTRY--PERSONAL NAME
Personal name Spaventa, Louis J.
700 1# - ADDED ENTRY--PERSONAL NAME
Personal name Werner, Patricia K.,
Dates associated with a name 1951-
Title of a work Mosaic one.
906 ## - LOCAL DATA ELEMENT F, LDF (RLIN)
a 7
b cbc
c origcop
d 2
e ncip
f 20
g y-gencatlg
942 ## - ADDED ENTRY ELEMENTS (KOHA)
Source of classification or shelving scheme Library of Congress Classification
Koha item type Books
Call number prefix
Holdings
Withdrawn status Lost status Source of classification or shelving scheme Damaged status Home library Current library Shelving location Date acquired Total Checkouts Full call number Barcode Date last seen Copy number Price effective from Koha item type Public note Total Renewals Date checked out
  Lost Library of Congress Classification   College Library College Library General Circulation Section 04/19/2012   PE1128 .W492 2002 C7841 04/19/2012 1 04/19/2012 Books On loan to Jimenez, Rommel (Athena)    
    Library of Congress Classification   College Library College Library General Circulation Section 05/18/2013 1 PE1128 .W492 2002 C6296 07/03/2019 2 05/18/2013 Books   5 05/30/2019

Mosaic 1 grammar /

APA

Werner P. K., Spaventa L. J. & Werner P. K. (2002). Mosaic 1 grammar. New York: McGraw-Hill.

Chicago

Werner Patricia K, Spaventa Louis J and Werner Patricia K. 2002. Mosaic 1 grammar. New York: McGraw-Hill.

Harvard

Werner P. K., Spaventa L. J. and Werner P. K. (2002). Mosaic 1 grammar. New York: McGraw-Hill.

MLA

Werner Patricia K, Spaventa Louis J and Werner Patricia K. Mosaic 1 grammar. New York: McGraw-Hill. 2002.

  • Place hold
  • Print
  • Cite
  • Add to your cart (remove)
  • Save record
    BIBTEX Dublin Core MARCXML MARC (non-Unicode/MARC-8) MARC (Unicode/UTF-8) MARC (Unicode/UTF-8, Standard) MODS (XML) RIS
  • More searches
    Search for this title in:
    Other Libraries (WorldCat) Other Databases (Google Scholar) Online Stores (Bookfinder.com) Open Library (openlibrary.org)

Exporting to Dublin Core...

SOUTHVILLE LIBRARY

Southville International School and Colleges Library

1281 Tropical Ave. Cor. Luxembourg St., BF Homes International, Las Pinas City

Tel. No. 8256374 / 252358 Loc. 117/146

Powered by Koha